[Event "AUT-chT2M 1819"]
[Site "Austria"]
[Date "2019.03.02"]
[Round "10.2"]
[White "Genser, Harald"]
[Black "Velicka, Petr"]
[Result "1/2-1/2"]
[WhiteElo "2272"]
[BlackElo "2428"]
[PlyCount "67"]
[EventDate "2018.10.19"]
[EventType "team-tourn"]
[EventRounds "11"]
[EventCountry "AUT"]
[SourceTitle "CBM 189 Extra"]
[Source "ChessBase"]
[SourceDate "2019.06.03"]
[SourceVersion "1"]
[SourceVersionDate "2019.06.03"]
[SourceQuality "1"]
[WhiteTeam "Die Klagenfurter"]
[BlackTeam "Steyregg"]
[WhiteTeamCountry "AUT"]
[BlackTeamCountry "AUT"]

1. d4 Nf6 2. Bf4 d5 3. e3 c5 4. Nf3 Nc6 5. Nbd2 Bf5 6. dxc5 Bg4 7. Be2 e6 8. 0-0 Bxc5 9. Ne5 Bxe2 10. Qxe2 0-0 11. c4 Bd6 12. Nd3 Bxf4 13. Nxf4 e5 14. Nxd5 Nxd5 15. cxd5 Qxd5 16. Rfd1 Rfd8 17. Nb3 Qe4 18. a3 b6 19. Rac1 Rxd1+ 20. Rxd1 Rd8 21. Rxd8+ Nxd8 22. f3 Qc6 23. Qd2 Ne6 24. Nc1 e4 25. f4 f5 26. Ne2 Kf7 27. h3 h5 28. g3 g5 29. h4 g4 30. Nc3 Ke7 31. Nd5+ Kf7 32. Nc3 Ke7 33. Nd5+ Kf7 34. Nc3 1/2-1/2

[Event "AUT-chT2M 1819"]
[Site "Austria"]
[Date "2019.01.18"]
[Round "6.1"]
[White "Halvax, Georg"]
[Black "Genser, Harald"]
[Result "1-0"]
[WhiteElo "2432"]
[BlackElo "2272"]
[PlyCount "73"]
[EventDate "2018.10.19"]
[EventType "team-tourn"]
[EventRounds "11"]
[EventCountry "AUT"]
[SourceTitle "CBM 189 Extra"]
[Source "ChessBase"]
[SourceDate "2019.06.03"]
[SourceVersion "1"]
[SourceVersionDate "2019.06.03"]
[SourceQuality "1"]
[WhiteTeam "Maria Saal II"]
[BlackTeam "Die Klagenfurter"]
[WhiteTeamCountry "AUT"]
[BlackTeamCountry "AUT"]

1. e4 e6 2. d4 d5 3. Nd2 c5 4. exd5 Qxd5 5. Ngf3 cxd4 6. Bc4 Qd7 7. 0-0 Nc6 8. Nb3 Nf6 9. Nbxd4 Nxd4 10. Nxd4 a6 11. Re1 b5 12. Bb3 Bb7 13. Bg5 Ne4 14. Be3 Be7 15. Qg4 Nf6 16. Qg3 Ne4 17. Qh3 Nc5 18. Nf5 0-0-0 19. Nxe7+ Qxe7 20. c4 Nxb3 21. axb3 b4 22. Ra5 Rd7 23. Qg3 f6 24. Bc5 Qd8 25. Bxb4 e5 26. Bc3 Qb6 27. b4 Rhd8 28. b5 axb5 29. Rxb5 Qe6 30. Qe3 Kb8 31. Ra5 Ba8 32. f3 Rc8 33. Rea1 Bb7 34. Qa7+ Kc7 35. Rb5 Rb8 36. Ba5+ Kc8 37. Qc5+ 1-0

[Event "AUT-chT2M 1718"]
[Site "Austria"]
[Date "2017.10.29"]
[Round "3.3"]
[White "Genser, Harald"]
[Black "Enoeckl, Philipp"]
[Result "1/2-1/2"]
[WhiteElo "2306"]
[BlackElo "2276"]
[PlyCount "60"]
[EventDate "2017.10.27"]
[EventType "team-tourn"]
[EventRounds "11"]
[EventCountry "AUT"]
[SourceTitle "CBM 181 Extra"]
[Source "ChessBase"]
[SourceDate "2017.12.12"]
[SourceVersion "1"]
[SourceVersionDate "2017.12.12"]
[SourceQuality "1"]
[WhiteTeam "Die Klagenfurter"]
[BlackTeam "Steyregg"]
[WhiteTeamCountry "AUT"]
[BlackTeamCountry "AUT"]

1. d4 Nf6 2. Nf3 g6 3. c4 Bg7 4. e3 d6 5. Nc3 Bf5 6. Qb3 b6 7. h3 0-0 8. g3 Nc6 9. Nh4 Bd7 10. d5 Na5 11. Qd1 c5 12. Bd2 a6 13. a4 e6 14. b3 exd5 15. cxd5 b5 16. Bg2 b4 17. Ne2 g5 18. Nf3 Nxd5 19. Rc1 Bc6 20. 0-0 h6 21. g4 Ne7 22. Ng3 f5 23. Nh5 fxg4 24. hxg4 Qd7 25. Ne1 Ng6 26. f4 Rae8 27. Bxb4 Bxg2 28. Nxg2 cxb4 29. Qd5+ Kh7 30. Nxg7 Qxg7 1/2-1/2

[Event "AUT-chT2M 1617"]
[Site "Austria"]
[Date "2017.01.28"]
[Round "7.6"]
[White "Genser, Harald"]
[Black "Enoeckl, Philipp"]
[Result "1/2-1/2"]
[WhiteElo "2319"]
[BlackElo "2322"]
[PlyCount "46"]
[EventDate "2016.10.07"]
[EventType "team-tourn"]
[EventRounds "11"]
[EventCountry "AUT"]
[SourceTitle "CBM 177 Extra"]
[Source "ChessBase"]
[SourceDate "2017.04.27"]
[SourceVersion "1"]
[SourceVersionDate "2017.04.27"]
[SourceQuality "1"]
[WhiteTeam "Die Klagenfurter"]
[BlackTeam "Leoben"]
[WhiteTeamCountry "AUT"]
[BlackTeamCountry "AUT"]

1. d4 Nf6 2. c4 g6 3. Nc3 Bg7 4. e4 d6 5. Nf3 0-0 6. Be2 e5 7. 0-0 Nc6 8. d5 Ne7 9. Ne1 Nd7 10. Nd3 f5 11. f3 f4 12. Bd2 g5 13. Rc1 c5 14. a3 Nf6 15. b4 b6 16. bxc5 bxc5 17. Nf2 h5 18. h3 Rf7 19. Qa4 Bd7 20. Qa6 Bc8 21. Qa4 Bd7 22. Qa6 Bc8 23. Qa4 Bd7 1/2-1/2

[Event "St Veit op 34th"]
[Site "St Veit"]
[Date "2015.07.15"]
[Round "6"]
[White "Gutman, Lev"]
[Black "Genser, Harald"]
[Result "1/2-1/2"]
[WhiteElo "2429"]
[BlackElo "2258"]
[PlyCount "75"]
[EventDate "2015.07.11"]
[EventType "swiss"]
[EventRounds "9"]
[EventCountry "AUT"]
[SourceTitle "EXT 2016"]
[Source "ChessBase"]
[SourceDate "2015.10.08"]
[SourceVersion "1"]
[SourceVersionDate "2015.10.08"]
[SourceQuality "1"]

1. Nf3 d5 2. g3 Nf6 3. Bg2 e6 4. 0-0 Be7 5. d4 b5 6. Bg5 Nbd7 7. Qd3 c5 8. c3 Qb6 9. Nbd2 h6 10. Bxf6 Nxf6 11. dxc5 Bxc5 12. b4 Be7 13. Nd4 Bd7 14. e4 dxe4 15. Nxe4 Rd8 16. a4 bxa4 17. b5 0-0 18. Rxa4 e5 19. Ra6 Qb8 20. Nf5 Bxf5 21. Nxf6+ Bxf6 22. Qxf5 Rd6 23. Rxd6 Qxd6 24. c4 Bd8 25. Bd5 Bb6 26. Kg2 g6 27. Qe4 Kg7 28. f4 exf4 29. gxf4 Qf6 30. Rf3 Bc5 31. Qe5 Bd4 32. Qxf6+ Kxf6 33. Rd3 Bb6 34. Kf3 Re8 35. Ra3 Rc8 36. Be4 Rd8 37. Ra2 Kg7 38. Bd5 1/2-1/2

[Event "AUT-chT2M 1415"]
[Site "Austria"]
[Date "2015.04.17"]
[Round "9.5"]
[White "Genser, Harald"]
[Black "Kravanja, Georg"]
[Result "0-1"]
[WhiteElo "2255"]
[BlackElo "2215"]
[PlyCount "102"]
[EventDate "2014.10.03"]
[EventType "team-tourn"]
[EventRounds "11"]
[EventCountry "AUT"]
[SourceTitle "EXT 2016"]
[Source "ChessBase"]
[SourceDate "2015.10.08"]
[SourceVersion "1"]
[SourceVersionDate "2015.10.08"]
[SourceQuality "1"]
[WhiteTeam "Die Klagenfurter"]
[BlackTeam "Graz Schachfreunde"]
[WhiteTeamCountry "AUT"]
[BlackTeamCountry "AUT"]

1. d4 Nf6 2. c4 g6 3. Nc3 d5 4. cxd5 Nxd5 5. e4 Nxc3 6. bxc3 Bg7 7. Be3 c5 8. Qd2 Qa5 9. Rb1 a6 10. Rc1 cxd4 11. cxd4 Qxd2+ 12. Kxd2 0-0 13. Nf3 Rd8 14. Bd3 e6 15. Rc4 Bd7 16. Rhc1 Bc6 17. Ke2 Nd7 18. Nd2 a5 19. Rb1 f5 20. f3 Nf6 21. h3 Rd7 22. g4 fxe4 23. fxe4 Rad8 24. Rc5 Ne8 25. Bc4 Nc7 26. e5 Nd5 27. Bxd5 Rxd5 28. Nb3 a4 29. Rxd5 Bxd5 30. Nc5 b5 31. a3 Rf8 32. Kd2 Bc4 33. Rh1 Rf3 34. h4 Rg3 35. Rg1 Rh3 36. h5 gxh5 37. gxh5 Rxh5 38. Ne4 Rh2+ 39. Kc3 Rh3 40. Kd2 Rh2+ 41. Kc3 Kf8 42. Nd6 Rh3 43. Kd2 h5 44. Rg2 h4 45. Rf2+ Kg8 46. Ne8 Rg3 47. Nf6+ Bxf6 48. exf6 Kf7 49. Rf4 h3 50. Rf2 Bd5 51. Ke2 Bg2 0-1

[Event "Steyr Landesliga 1415"]
[Site "Austria"]
[Date "2015.02.07"]
[Round "7.2"]
[White "Walzl, Martin"]
[Black "Genser, Harald"]
[Result "0-1"]
[WhiteElo "2154"]
[BlackElo "2294"]
[PlyCount "90"]
[EventDate "2014.09.27"]
[EventType "team-tourn"]
[EventRounds "11"]
[EventCountry "AUT"]
[SourceTitle "EXT 2016"]
[Source "ChessBase"]
[SourceDate "2015.10.08"]
[SourceVersion "1"]
[SourceVersionDate "2015.10.08"]
[SourceQuality "1"]
[WhiteTeam "Gleisdorf"]
[BlackTeam "Leoben"]
[WhiteTeamCountry "AUT"]
[BlackTeamCountry "AUT"]

1. d4 d5 2. c4 e6 3. Nc3 Nf6 4. cxd5 exd5 5. Bg5 Be7 6. e3 h6 7. Bh4 c6 8. Bd3 Nbd7 9. Qc2 Nh5 10. Bxe7 Qxe7 11. Nge2 Nb6 12. 0-0-0 Bd7 13. Kb1 0-0-0 14. Na4 Nxa4 15. Qxa4 Kb8 16. Qc2 g6 17. Rc1 Rc8 18. Qd2 Ng7 19. Rc3 Bf5 20. Nc1 Rhe8 21. Qc2 Be4 22. Bxe4 Qxe4 23. Qxe4 Rxe4 24. Nd3 f6 25. Rhc1 Ree8 26. Nc5 Re7 27. b4 Rd8 28. Rb3 Nf5 29. b5 cxb5 30. Rxb5 Nd6 31. Rb4 Nc4 32. Nd3 a5 33. Rbxc4 dxc4 34. Rxc4 Rc8 35. Rxc8+ Kxc8 36. Kb2 g5 37. d5 Kc7 38. Kc3 Re4 39. Nc5 Rh4 40. h3 b6 41. Ne6+ Kd6 42. f3 Kxd5 43. Nd4 Rxd4 44. exd4 b5 45. a3 f5 0-1

[Event "AUT-chT2M 1415"]
[Site "Austria"]
[Date "2014.11.15"]
[Round "4.1"]
[White "Genser, Harald"]
[Black "Mostbauer, Maximilian"]
[Result "1-0"]
[WhiteElo "2255"]
[BlackElo "2138"]
[PlyCount "89"]
[EventDate "2014.10.03"]
[EventType "team-tourn"]
[EventRounds "11"]
[EventCountry "AUT"]
[SourceTitle "EXT 2015"]
[Source "ChessBase"]
[SourceDate "2014.11.20"]
[SourceVersion "1"]
[SourceVersionDate "2014.11.20"]
[SourceQuality "1"]
[WhiteTeam "Die Klagenfurter"]
[BlackTeam "Ansfelden"]
[WhiteTeamCountry "AUT"]
[BlackTeamCountry "AUT"]

1. d4 Nf6 2. c4 g6 3. Nc3 Bg7 4. e4 d6 5. Nf3 0-0 6. Be2 e5 7. 0-0 Nc6 8. d5 Ne7 9. Ne1 Nd7 10. Be3 f5 11. f3 f4 12. Bf2 g5 13. Nb5 b6 14. b4 Ng6 15. Rc1 Nf6 16. c5 Rf7 17. cxd6 cxd6 18. Rc6 Ne8 19. a4 Bd7 20. Rc3 h5 21. Na3 Nf6 22. Bb5 Bxb5 23. Nxb5 g4 24. Qc2 Ne8 25. Kh1 g3 26. Bg1 gxh2 27. Bxh2 Bf6 28. Nd3 Bh4 29. Nf2 Nf8 30. Rc1 a6 31. Na3 Rg7 32. Nh3 Bg3 33. Rc8 Rxc8 34. Qxc8 Qh4 35. Bg1 Nf6 36. Nc4 Ng4 37. Nxd6 Nh6 38. Rc7 Rxc7 39. Qxc7 Nh7 40. Qc8+ Kg7 41. Qd7+ Kg8 42. Qe8+ Kg7 43. Qxe5+ Kg8 44. Qe6+ Kg7 45. Bd4+ 1-0

[Event "AUT-chT2M 1415"]
[Site "Austria"]
[Date "2014.10.03"]
[Round "1.2"]
[White "Testor, Sebastian"]
[Black "Genser, Harald"]
[Result "1/2-1/2"]
[WhiteElo "2283"]
[BlackElo "2255"]
[PlyCount "60"]
[EventDate "2014.10.03"]
[EventType "team-tourn"]
[EventRounds "11"]
[EventCountry "AUT"]
[SourceTitle "EXT 2015"]
[Source "ChessBase"]
[SourceDate "2014.11.20"]
[SourceVersion "1"]
[SourceVersionDate "2014.11.20"]
[SourceQuality "1"]
[WhiteTeam "Sauwald"]
[BlackTeam "Die Klagenfurter"]
[WhiteTeamCountry "AUT"]
[BlackTeamCountry "AUT"]

1. Nf3 d5 2. c4 e6 3. g3 dxc4 4. Qa4+ Nd7 5. Bg2 a6 6. Qxc4 b5 7. Qc2 Bb7 8. 0-0 Ngf6 9. a4 c5 10. Rd1 Be7 11. d4 Qb6 12. axb5 axb5 13. Rxa8+ Bxa8 14. Bg5 Be4 15. Qd2 0-0 16. Nc3 Bxf3 17. dxc5 Nxc5 18. exf3 b4 19. Ne4 Rd8 20. Qe2 Rxd1+ 21. Qxd1 Ncxe4 22. fxe4 h6 23. Bxf6 Bxf6 24. b3 Qd4 25. Qxd4 Bxd4 26. Kf1 Kf8 27. Ke2 Ke7 28. f4 Bc5 29. Kf3 Bd4 30. Bf1 Bc5 1/2-1/2

[Event "AUT-chT2M 1213"]
[Site "Austria"]
[Date "2013.04.21"]
[Round "11.3"]
[White "Fahrner, Kurt"]
[Black "Genser, Harald"]
[Result "1/2-1/2"]
[WhiteElo "2378"]
[BlackElo "2290"]
[PlyCount "84"]
[EventDate "2012.10.19"]
[EventType "team-tourn"]
[EventRounds "11"]
[EventCountry "AUT"]
[SourceTitle "EXT 2014"]
[Source "ChessBase"]
[SourceDate "2013.11.20"]
[SourceVersion "1"]
[SourceVersionDate "2013.11.20"]
[SourceQuality "1"]
[WhiteTeam "Graz Austria"]
[BlackTeam "Klagenfurt"]
[WhiteTeamCountry "AUT"]
[BlackTeamCountry "AUT"]

1. c4 e6 2. d4 d5 3. cxd5 exd5 4. Nc3 c6 5. Bf4 Bd6 6. Bxd6 Qxd6 7. e3 Ne7 8. Nge2 0-0 9. Ng3 Nd7 10. Bd3 Nf6 11. 0-0 Be6 12. Qc2 Rac8 13. Rad1 c5 14. dxc5 Qxc5 15. Qb1 h6 16. h3 Nc6 17. Nce2 Nb4 18. Nd4 Nxd3 19. Rxd3 Qe7 20. Rfd1 a6 21. Nde2 Rc5 22. Rd4 Rfc8 23. Nf4 Rc4 24. a3 Rxd4 25. Rxd4 Qc5 26. Rd2 Qc1+ 27. Qxc1 Rxc1+ 28. Kh2 Kf8 29. Nge2 Rc5 30. f3 Ke7 31. Nc3 g5 32. Nd3 Rc7 33. Kg3 Rc8 34. h4 Rc4 35. hxg5 hxg5 36. Ne5 Rc8 37. Rd4 Kd6 38. Nd3 Rc4 39. Kf2 Rxd4 40. exd4 Nd7 41. Ke3 Bf5 42. Na4 Bxd3 1/2-1/2

[Event "AUT-chT2M 1213"]
[Site "Austria"]
[Date "2012.10.20"]
[Round "2.3"]
[White "Singer, Christoph"]
[Black "Genser, Harald"]
[Result "1-0"]
[WhiteElo "2325"]
[BlackElo "2290"]
[PlyCount "107"]
[EventDate "2012.10.19"]
[EventType "team-tourn"]
[EventRounds "11"]
[EventCountry "AUT"]
[SourceTitle "EXT 2013"]
[Source "ChessBase"]
[SourceDate "2012.11.22"]
[SourceVersion "1"]
[SourceVersionDate "2012.11.22"]
[SourceQuality "1"]
[WhiteTeam "Grieskirchen/Schallerbach"]
[BlackTeam "Klagenfurt"]
[WhiteTeamCountry "AUT"]
[BlackTeamCountry "AUT"]

1. e4 c6 2. d4 d5 3. exd5 cxd5 4. Bd3 Nc6 5. c3 Qc7 6. h3 Nf6 7. Nf3 g6 8. 0-0 Bf5 9. Bxf5 gxf5 10. Qe2 e6 11. c4 dxc4 12. Qxc4 Nd5 13. Nc3 Rd8 14. Bg5 Be7 15. Nxd5 Rxd5 16. Bxe7 Kxe7 17. Rfe1 Qd6 18. Rad1 Rd8 19. Qc1 Nxd4 20. Qg5+ Kd7 21. Nxd4 Rxd4 22. Qh5 Ke7 23. Rxd4 Qxd4 24. Qxf5 Rd5 25. Qxh7 b5 26. Qc2 Rc5 27. Qe2 a5 28. b3 Rf5 29. Rc1 Rc5 30. Rxc5 Qxc5 31. g3 a4 32. Qe3 Qb4 33. bxa4 bxa4 34. a3 Qb3 35. Qc5+ Kf6 36. h4 Kg7 37. Kg2 Qb7+ 38. Kh2 Qf3 39. Qe3 Qd1 40. Qc3+ Kg8 41. Kg2 Qb3 42. Qe3 Qd5+ 43. Qf3 Qc4 44. h5 Kg7 45. Kh3 Qf1+ 46. Kh4 Qa1 47. Qg4+ Kh7 48. Qxa4 Qh1+ 49. Kg4 f5+ 50. Kg5 Qc1+ 51. Qf4 Qc5 52. Qb4 Qc1+ 53. f4 Qc7 54. Qf8 1-0

[Event "AUT-chT2M 1213"]
[Site "Austria"]
[Date "2012.10.19"]
[Round "1.3"]
[White "Genser, Harald"]
[Black "Schmidt, Peter"]
[Result "1/2-1/2"]
[WhiteElo "2290"]
[BlackElo "2386"]
[PlyCount "74"]
[EventDate "2012.10.19"]
[EventType "team-tourn"]
[EventRounds "11"]
[EventCountry "AUT"]
[SourceTitle "EXT 2013"]
[Source "ChessBase"]
[SourceDate "2012.11.22"]
[SourceVersion "1"]
[SourceVersionDate "2012.11.22"]
[SourceQuality "1"]
[WhiteTeam "Klagenfurt"]
[BlackTeam "Sauwald"]
[WhiteTeamCountry "AUT"]
[BlackTeamCountry "AUT"]

1. d4 d5 2. c4 dxc4 3. Nf3 Nf6 4. e3 Bg4 5. Bxc4 Nbd7 6. 0-0 e6 7. h3 Bh5 8. Nc3 Bb4 9. Be2 0-0 10. Qb3 c5 11. dxc5 Qa5 12. Bd2 Nxc5 13. Qc4 Ncd7 14. a3 Be7 15. b4 Qb6 16. Qa2 a5 17. Na4 Qc6 18. Nd4 Qe4 19. f3 Qe5 20. f4 Qd6 21. Bxh5 Nxh5 22. bxa5 Qa6 23. Bb4 Rfe8 24. Qe2 Qxe2 25. Nxe2 Bd8 26. Rfd1 Nhf6 27. Nc5 Nxc5 28. Bxc5 Bxa5 29. Rab1 b6 30. Bd4 h6 31. Bxf6 gxf6 32. Nd4 Red8 33. Kf2 Rac8 34. Rdc1 Rc5 35. Rxc5 bxc5 36. Nc6 Rd2+ 37. Kf3 Bc3 1/2-1/2

[Event "AUT-chT2M 1112"]
[Site "Austria"]
[Date "2012.03.02"]
[Round "7.3"]
[White "Krebs, Johann"]
[Black "Genser, Harald"]
[Result "1/2-1/2"]
[WhiteElo "2284"]
[BlackElo "2291"]
[PlyCount "59"]
[EventDate "2011.10.21"]
[EventType "team-tourn"]
[EventRounds "11"]
[EventCountry "AUT"]
[SourceTitle "EXT 2013"]
[Source "ChessBase"]
[SourceDate "2012.11.22"]
[SourceVersion "1"]
[SourceVersionDate "2012.11.22"]
[SourceQuality "1"]
[WhiteTeam "Graz Strassenbahn"]
[BlackTeam "Die Klagenfurter"]
[WhiteTeamCountry "AUT"]
[BlackTeamCountry "AUT"]

1. d4 d5 2. c4 e6 3. Nf3 Nf6 4. Nc3 Be7 5. Bg5 h6 6. Bh4 0-0 7. e3 Ne4 8. Bxe7 Qxe7 9. Qc2 Nxc3 10. Qxc3 dxc4 11. Qxc4 b6 12. Qc3 Bb7 13. Be2 c5 14. dxc5 Rc8 15. 0-0 Rxc5 16. Qa3 Nd7 17. Rac1 a5 18. Rxc5 Nxc5 19. Rc1 Rc8 20. Nd4 Qg5 21. Bf3 Bxf3 22. Nxf3 Qd5 23. b4 axb4 24. Qxb4 Qxa2 25. Qxb6 Qa8 26. h3 Nd7 27. Rxc8+ Qxc8 28. Qa7 Qc1+ 29. Kh2 Qc8 30. Kg1 1/2-1/2

[Event "AUT-chT2M 1112"]
[Site "Austria"]
[Date "2011.12.03"]
[Round "5.3"]
[White "Mazi, Leon"]
[Black "Genser, Harald"]
[Result "1/2-1/2"]
[WhiteElo "2352"]
[BlackElo "2291"]
[PlyCount "61"]
[EventDate "2011.10.21"]
[EventType "team-tourn"]
[EventRounds "11"]
[EventCountry "AUT"]
[SourceTitle "EXT 2013"]
[Source "ChessBase"]
[SourceDate "2012.11.22"]
[SourceVersion "1"]
[SourceVersionDate "2012.11.22"]
[SourceQuality "1"]
[WhiteTeam "St Veit/Glan"]
[BlackTeam "Die Klagenfurter"]
[WhiteTeamCountry "AUT"]
[BlackTeamCountry "AUT"]

1. e4 c6 2. d3 d5 3. Nd2 e5 4. Ngf3 Bd6 5. g3 Nf6 6. Bg2 0-0 7. 0-0 Re8 8. c3 Nbd7 9. Qc2 Qc7 10. Re1 a5 11. a4 b6 12. Nh4 dxe4 13. dxe4 g6 14. Bf1 Nc5 15. Ng2 Nh5 16. Ne3 Be6 17. Bc4 Ng7 18. Bxe6 Ngxe6 19. Nf3 Be7 20. Nc4 f6 21. Be3 b5 22. Bxc5 Bxc5 23. axb5 cxb5 24. Ne3 Bxe3 25. Rxe3 a4 26. Ne1 Red8 27. Qe2 Qc4 28. Nd3 Rd6 29. Nb4 Qxe2 30. Rxe2 Nc7 31. Kg2 1/2-1/2

[Event "AUT-chT2M 1112"]
[Site "Austria"]
[Date "2011.12.02"]
[Round "4.3"]
[White "Hartl, Daniel"]
[Black "Genser, Harald"]
[Result "1/2-1/2"]
[WhiteElo "2272"]
[BlackElo "2291"]
[PlyCount "61"]
[EventDate "2011.10.21"]
[EventType "team-tourn"]
[EventRounds "11"]
[EventCountry "AUT"]
[SourceTitle "EXT 2013"]
[Source "ChessBase"]
[SourceDate "2012.11.22"]
[SourceVersion "1"]
[SourceVersionDate "2012.11.22"]
[SourceQuality "1"]
[WhiteTeam "Maria Saal"]
[BlackTeam "Die Klagenfurter"]
[WhiteTeamCountry "AUT"]
[BlackTeamCountry "AUT"]

1. d4 d5 2. c4 e6 3. Nf3 Nf6 4. g3 dxc4 5. Bg2 Bb4+ 6. Bd2 a5 7. Qc2 Bxd2+ 8. Nbxd2 b5 9. a4 c6 10. 0-0 0-0 11. e4 Ba6 12. Rfd1 Nbd7 13. b3 cxb3 14. Nxb3 bxa4 15. Nc5 Nxc5 16. dxc5 Qe7 17. Rd6 Rfd8 18. e5 Nd5 19. Nd4 Bb5 20. Bxd5 exd5 21. Qf5 g6 22. Qf4 Re8 23. Re1 a3 24. Qd2 Qa7 25. Nf5 Qxc5 26. Qh6 gxf5 27. Qg5+ Kh8 28. Qf6+ Kg8 29. Qg5+ Kh8 30. Qf6+ Kg8 31. Qg5+ 1/2-1/2

[Event "AUT-chT2M 1112"]
[Site "Austria"]
[Date "2011.10.21"]
[Round "1.3"]
[White "Genser, Harald"]
[Black "Webersberger, Johann"]
[Result "1/2-1/2"]
[WhiteElo "2291"]
[BlackElo "2380"]
[PlyCount "59"]
[EventDate "2011.10.21"]
[EventType "team-tourn"]
[EventRounds "11"]
[EventCountry "AUT"]
[SourceTitle "EXT 2013"]
[Source "ChessBase"]
[SourceDate "2012.11.22"]
[SourceVersion "1"]
[SourceVersionDate "2012.11.22"]
[SourceQuality "1"]
[WhiteTeam "Die Klagenfurter"]
[BlackTeam "Steyregg"]
[WhiteTeamCountry "AUT"]
[BlackTeamCountry "AUT"]

1. d4 g6 2. c4 Bg7 3. e4 c5 4. d5 d6 5. Ne2 Nf6 6. Nec3 0-0 7. Be2 e5 8. Be3 Ne8 9. 0-0 f5 10. exf5 gxf5 11. f4 Nd7 12. Nd2 exf4 13. Bxf4 Ne5 14. Nf3 Ng6 15. Bg5 Bf6 16. Qd2 Ng7 17. Bd3 Bxg5 18. Qxg5 Qxg5 19. Nxg5 Ne5 20. Be2 Bd7 21. Nh3 Rae8 22. Nf4 Re7 23. h3 Rfe8 24. Kf2 Ng6 25. g3 Kf7 26. Rfe1 Kf6 27. Nd3 Ne5 28. Nf4 Ng6 29. Nd3 Ne5 30. Nf4 1/2-1/2

[Event "AUT-chT2M 1011"]
[Site "Austria"]
[Date "2011.04.10"]
[Round "11.2"]
[White "Genser, Harald"]
[Black "Testor, Sebastian"]
[Result "1-0"]
[WhiteElo "2281"]
[BlackElo "2365"]
[PlyCount "115"]
[EventDate "2010.10.16"]
[EventType "team-tourn"]
[EventRounds "11"]
[EventCountry "AUT"]
[SourceTitle "EXT 2012"]
[Source "ChessBase"]
[SourceDate "2011.11.24"]
[SourceVersion "1"]
[SourceVersionDate "2011.11.24"]
[SourceQuality "1"]
[WhiteTeam "Klagenfurt"]
[BlackTeam "Sauwald"]
[WhiteTeamCountry "AUT"]
[BlackTeamCountry "AUT"]

1. d4 e6 2. c4 Nf6 3. Nf3 b6 4. g3 Ba6 5. Qa4 c5 6. Bg2 Bb7 7. dxc5 Bxc5 8. 0-0 0-0 9. Nc3 Be7 10. Rd1 d6 11. Bf4 a6 12. Qb4 d5 13. Qa4 Qe8 14. Qxe8 Rxe8 15. Ne5 Rd8 16. cxd5 Nxd5 17. Nxd5 Bxd5 18. Bxd5 exd5 19. Rac1 Ra7 20. Rc2 f6 21. Nf3 Rad7 22. Nd4 Kf7 23. Bc7 Rc8 24. Bxb6 Rxc2 25. Nxc2 Rb7 26. Bd4 Nc6 27. Bc3 Ke6 28. Nd4+ Nxd4 29. Bxd4 Rc7 30. Rd3 Rc4 31. Bc3 Ra4 32. a3 Rc4 33. e3 Bd6 34. Kf1 g6 35. Ke2 Rc6 36. Kd2 Be5 37. Bd4 Bxd4 38. Rxd4 Ke5 39. Rb4 h5 40. f3 g5 41. Rb8 g4 42. Re8+ Kf5 43. e4+ dxe4 44. fxe4+ Kg6 45. Rg8+ Kf7 46. Rd8 Rc4 47. Rd5 Rxe4 48. Rxh5 Kg6 49. Rd5 Re6 50. b4 f5 51. a4 Kg5 52. Kc3 Re1 53. Rd2 Rb1 54. Rb2 Rxb2 55. Kxb2 f4 56. gxf4+ Kxf4 57. b5 axb5 58. a5 1-0